000 00578nam a2200181Ia 4500
008 240729s9999 xx 000 0 und d
022 _a2766-1768
245 0 _aNew Chaucer Studies
260 _aUnited States
260 _beScholarship Publishing, University of California
650 _a English literature | Education
650 _a History (General)
650 _a Medieval history | Language and Literature
650 _aHistory (General) and history of Europe
856 _uhttps://doaj.org/toc/4e12e28a77b04a9288b38bfdeb50721c
942 _2ddc
942 _cDOAJEJ
999 _c73047
_d73047
945 _a1
_bMadushi Gamage
_c1
_dMadushi Gamage